Estimating construction costs / (Record no. 70272)

000 -LEADER
fixed length control field 01394cam a22003374a 4500
001 - CONTROL NUMBER
control field 12432877
003 - CONTROL NUMBER IDENTIFIER
control field NUST - PNEC
005 - DATE AND TIME OF LATEST TRANSACTION
control field 20170116181137.0
008 - FIXED-LENGTH DATA ELEMENTS--GENERAL INFORMATION
fixed length control field 010606s2002 maua 001 0 eng
010 ## - LIBRARY OF CONGRESS CONTROL NUMBER
LC control number 2001041039
020 ## - INTERNATIONAL STANDARD BOOK NUMBER
International Standard Book Number 0072435801 (alk. paper)
040 ## - CATALOGING SOURCE
Original cataloging agency DLC
Transcribing agency LIBRARY
Modifying agency DLC
042 ## - AUTHENTICATION CODE
Authentication code pcc
043 ## - GEOGRAPHIC AREA CODE
Geographic area code n-us---
050 00 - LIBRARY OF CONGRESS CALL NUMBER
Classification number TH435
Item number .P47 2002
082 00 - DEWEY DECIMAL CLASSIFICATION NUMBER
Classification number 692.5 PEU
Edition number 21
100 1# - MAIN ENTRY--PERSONAL NAME
Personal name Peurifoy, R. L.
Fuller form of name (Robert Leroy),
Dates associated with a name 1902-1995.
245 10 - TITLE STATEMENT
Title Estimating construction costs /
Statement of responsibility, etc. Robert L. Peurifoy, Garold D. Oberlender.
250 ## - EDITION STATEMENT
Edition statement 5th ed.
260 ## - PUBLICATION, DISTRIBUTION, ETC.
Place of publication, distribution, etc. Boston :
Name of publisher, distributor, etc. McGraw-Hill,
Date of publication, distribution, etc. c2002.
300 ## - PHYSICAL DESCRIPTION
Extent xvi, 560 p. :
Other physical details ill. ;
Dimensions 25 cm.
440 #4 - SERIES STATEMENT/ADDED ENTRY--TITLE
Title The McGraw-Hill series in construction engineering and project management
500 ## - GENERAL NOTE
General note Includes index.
650 #0 - SUBJECT ADDED ENTRY--TOPICAL TERM
Topical term or geographic name entry element Building
General subdivision Estimates
Geographic subdivision United States.
700 1# - ADDED ENTRY--PERSONAL NAME
Personal name Oberlender, Garold D.
856 42 - ELECTRONIC LOCATION AND ACCESS
Materials specified Publisher description
Uniform Resource Identifier <a href="http://www.loc.gov/catdir/enhancements/fy0702/2001041039-d.html">http://www.loc.gov/catdir/enhancements/fy0702/2001041039-d.html</a>
856 41 - ELECTRONIC LOCATION AND ACCESS
Materials specified Table of contents only
Uniform Resource Identifier <a href="http://www.loc.gov/catdir/enhancements/fy0702/2001041039-t.html">http://www.loc.gov/catdir/enhancements/fy0702/2001041039-t.html</a>
856 42 - ELECTRONIC LOCATION AND ACCESS
Materials specified Contributor biographical information
Uniform Resource Identifier <a href="http://www.loc.gov/catdir/enhancements/fy0735/2001041039-b.html">http://www.loc.gov/catdir/enhancements/fy0735/2001041039-b.html</a>
942 ## - ADDED ENTRY ELEMENTS (KOHA)
Source of classification or shelving scheme
Koha item type Book
Holdings
Withdrawn status Lost status Source of classification or shelving scheme Damaged status Not for loan Permanent Location Current Location Shelving location Date acquired Total Checkouts Full call number Barcode Date last seen Price effective from Koha item type
          Pakistan Navy Engineering College (PNEC) Pakistan Navy Engineering College (PNEC)   10/07/2015   692.5 PEU PNECLIB-028442 10/07/2015   Book
© 2023 Central Library, National University of Sciences and Technology. All Rights Reserved.